Normal view
MARC view
Entry Personal Name
001 - CONTROL NUMBER
- control field: 82925
003 - CONTROL NUMBER IDENTIFIER
- control field: dpl
005 - DATE AND TIME OF LATEST TRANSACTION
- control field: 20250711122451.0
008 - FIXED-LENGTH DATA ELEMENTS
- fixed length control field: 250711|| aca||aabn | a|a d
040 ## - CATALOGING SOURCE
- Original cataloging agency: dpl
- Transcribing agency: dpl
100 ## - HEADING--PERSONAL NAME
- Personal name: S. Sheeba Rani
670 ## - SOURCE DATA FOUND
- Source citation: Work cat.: (dpl)212339: S. Sheeba Rani, Measurements, Sensors and Control Systems, 2020
